Η Ελλάδα ένα απέραντο γκέτο.

Αποθηκεύτηκε σε:
Λεπτομέρειες βιβλιογραφικής εγγραφής
Μορφή: Βιβλίο
Γλώσσα:Greek
Δημοσίευση: [χ.τ.] : [χ.ε.], 1959.
Θέματα:
Ετικέτες: Προσθήκη ετικέτας
Δεν υπάρχουν, Καταχωρήστε ετικέτα πρώτοι!

MARC

LEADER 00000cam a2200000 a 4500
001 1/114194
008 170530s1959####xx | ||| |||| ||gre||
040 |a GR-MyUa  |b gre  |c GR-MyUa  |e AACR2 
041 0 |a gre 
082 7 |a 938.774   |2 (23) 
245 0 2 |a Η Ελλάδα ένα απέραντο γκέτο.  
260 |a [χ.τ.] :   |b [χ.ε.],   |c 1959.  
300 |a 39 σ. ;   |c 21 εκ.  
500 |a Έκδοση Επιτροπής Ελλήνων Πολιτικών Προσφύγων για τη σωτηρία του Μανώλη Γλέζου.  
506 1 |a Μόνο για ανάγνωση. Βρίσκεται σε ειδικό ράφι. Διαθέσιμο εάν ζητηθεί.  
650 0 |a Political persecution  |z Greece. 
650 0 |a Political refugees  |z Greece. 
852 |a INST  |b LESVOS  |e 20170531  |h 938.774 ΕΛΛ  |p 005100059527  |q 005100059527  |t BK  |y 0 
970 |a Τζαφέρη  |b Ευαγγελία  |z 30-05-2017